El revisor (Record no. 124751)

MARC details
000 -LEADER
campo de control de longitud fija 00947nam a2200253 i 4500
001 - NÚMERO DE CONTROL
campo de control 124751
003 - IDENTIFICADOR DE NÚMERO DE CONTROL
campo de control ES-MaACL
005 - FECHA Y HORA DE LA ÚLTIMA TRANSACCIÓN
campo de control 20251004063147.0
007 - CAMPO FIJO DE DESCRIPCIÓN FÍSICA--INFORMACIÓN GENERAL
campo de control de longitud fija t|
008 - DATOS DE LONGITUD FIJA--INFORMACIÓN GENERAL
campo de control de longitud fija 070418s1919 sp ||||1| spa d
080 ## - NÚMERO DE LA CLASIFICACIÓN DECIMAL UNIVERSAL
Número de la Clasificación Decimal Universal 821.134.2-22"19"
100 1# - ENTRADA PRINCIPAL--NOMBRE DE PERSONA
Nombre de persona Blasco, Ricardo,
Fechas asociadas al nombre 1848-1917
9 (RLIN) 160198
245 13 - MENCIÓN DEL TÍTULO
Título El revisor
Resto del título : juguete en tres actos, basado en el vaudeville ¿Vous n'avez rien a declarer? /
Mención de responsabilidad, etc. original de Maurice Hennequin & Pierre Veber; adaptación y cantables de Ricardo Blasco y Emilio Mario.
260 ## - PUBLICACIÓN, DISTRIBUCIÓN, ETC.
Lugar de publicación, distribución, etc. [Madrid :
Nombre del editor, distribuidor, etc. La Novela Teatral,
Fecha de publicación, distribución, etc. 1919]
300 ## - DESCRIPCIÓN FÍSICA
Extensión 18 h. ;
Dimensiones 20 cm.
490 1# - MENCIÓN DE SERIE
Mención de serie La novela teatral ;
Designación de volumen o secuencia 143
500 ## - NOTA GENERAL
Nota general En la cub. caricatura de Carmen Ramos por Tovar.
700 1# - ENTRADA AGREGADA--NOMBRE PERSONAL
Nombre de persona Hennequin, Maurice.
9 (RLIN) 62556
700 1# - ENTRADA AGREGADA--NOMBRE PERSONAL
Nombre de persona Mario, Emilio.
9 (RLIN) 76874
700 1# - ENTRADA AGREGADA--NOMBRE PERSONAL
Nombre de persona Veber, Pierre.
9 (RLIN) 113505
830 0# - PUNTO DE ACCESO ADICIONAL DE SERIE-TÍTULO UNIFORME
Título uniforme La novela teatral ;
Designación de volumen o secuencia 143
9 (RLIN) 122427
852 ## - LOCALIZACIÓN
Ubicación ES-MaACL
Número de control de estantería 2215-F-6
Sublocalización o colección R.138741
Holdings
Estatus retirado Estado de pérdida Estado de daño No para préstamo Colección Biblioteca de origen Biblioteca actual Ubicación en estantería Fecha de adquisición Fuente de adquisición Total de préstamos Signatura topográfica completa Código de barras Visto por última vez Precio de reemplazo Tipo de ítem Koha
        Colección de folletos Biblioteca del Ateneo de Madrid Biblioteca del Ateneo de Madrid Depósito folletos 17/01/2008     2215-F-6 1129981 23/02/2023 23/02/2023 Folleto